| 000 -LEADER |
| fixed length control field |
01193nam a22002057a 4500 |
| 003 - CONTROL NUMBER IDENTIFIER |
| control field |
OSt |
| 005 - DATE AND TIME OF LATEST TRANSACTION |
| control field |
20181126103622.0 |
| 008 - FIXED-LENGTH DATA ELEMENTS--GENERAL INFORMATION |
| fixed length control field |
180301b xxu||||| |||| 00| 0 spa d |
| 020 ## - INTERNATIONAL STANDARD BOOK NUMBER |
| International Standard Book Number |
9502000153 |
| 040 ## - CATALOGING SOURCE |
| Transcribing agency |
PJ |
| 100 ## - ASIENTO PRINCIPAL - NOMBRE DE PERSONA |
| 9 (RLIN) |
564 |
| Personal name |
García Belsunce, Horacio A. |
| 245 10 - MENCIÓN DE TÍTULO |
| Título propiamente dicho |
Temas de derecho tributario / |
| Mención de responsabilidad, etc |
Horacio A. García Belsunce. |
| 260 ## - PUBLICATION, DISTRIBUTION, ETC. (IMPRINT) |
| Place of publication, distribution, etc |
Buenos Aires : |
| Name of publisher, distributor, etc |
Abeledo-Perrot, |
| Date of publication, distribution, etc |
1982. |
| 300 ## - DESCRIPCION FISICA |
| Extent |
283 p. |
| Dimensions |
23 cm. |
| 505 ## - FORMATTED CONTENTS NOTE |
| Formatted contents note |
Contenido:<br/>El derecho fiscal y su autonomía en la obra del profesor Rafael Bielsa -- La autonomía del derecho tributario frente a la legislación tributaria provincial -- Principios de imposición -- Las garantías constitucionales del contribuyente -- La interpretación de la ley tributaria -- Doble imposición internacional -- Impuestos y tasas municipales -- Estudio sobre el derecho de la patente. Su legalidad y constitucionalidad -- Contribuciones municipales sobre inmuebles de la Capital Federal. Legitimidad jurídica -- La influencia de la ley fiscal sobre los contratos -- El código aduanero . |
| 650 #0 - ASIENTO SECUNDARIO DE MATERIA - TERMINO TEMATICO |
| 9 (RLIN) |
339 |
| Topical term or geographic name as entry element |
DERECHO TRIBUTARIO |
| 650 #0 - ASIENTO SECUNDARIO DE MATERIA - TERMINO TEMATICO |
| Topical term or geographic name as entry element |
IMPUESTOS |
| 9 (RLIN) |
695 |
| 650 #0 - ASIENTO SECUNDARIO DE MATERIA - TERMINO TEMATICO |
| Topical term or geographic name as entry element |
LEY TRIBUTARIA |
| 9 (RLIN) |
3175 |
| 942 ## - ADDED ENTRY ELEMENTS (KOHA) |
| Source of classification or shelving scheme |
|
| Koha item type |
Libros |
| Classification part |
336.2 |
| Item part |
GAR |